000 01324nam a22004097a 4500
001 0162
003 DO-SdBNP
005 20170906110438.0
007 0162
008 151005b199u sp 00| 0 spa d
020 _a8472547450
040 _aBPMSU
_bspa
_cBPMSU
082 4 _aR 036.1
_bC932e
245 0 0 _aCrisol :
_benciclopedia escolar universal carroggio /
_ccoordinación Miguel Faidella
260 0 _aBarcelona :
_bCarroggio,
_c[199?].
300 _av. :
_bil., retrs., mapa
_c29 cm.
505 0 _gv.1 -
_tBiología y Botánica /
_rJosé Tola
505 0 _gv.2 .
_tHistoria universal /
_rVicente Villacampa
505 0 _gv.3.
_tMatemáticas /
_rPura Fornals ... [et al.]
505 0 _gv.4.
_tLa tierra, geología y mineralogía /
_rDolores Gassós ... [et. al]
505 0 _gv. 5 .
_tZoología , ecología y medio ambiente
_rJosé Tola ... [y otros]
650 4 _aBOTÁNICA
650 4 _aBIOLOGÍA
650 4 _aHISTORIA UNIVERSAL
650 4 _aMATEMÁTICAS
650 4 _aGEOLOGÍA
650 4 _aMINERALOGÍA
650 4 _aZOOLOGÍA
650 4 _aECOLOGÍA
650 4 _aMEDIO AMBIENTE
650 4 _aENCICLOPÉDIAS Y DICCIONARIOS ESPAÑOLES
700 1 2 _aFaidella, Miguel
910 _aValidado. Control de calidad MFF
942 _2ddc
_cBK
945 _aInventariado/ 2017 VM
956 _aYngrid Lockward
999 _c8974
_d8974